[Event "71st ch-ARM"]
[Site "Yerevan ARM"]
[Date "2011.01.20"]
[Round "3"]
[White "Andriasian,Z"]
[Black "Kotanjian,T"]
[Result "1-0"]
[WhiteElo "2585"]
[BlackElo "2519"]

1.e4 c5 2.Nf3 d6 3.d4 cxd4 4.Nxd4 Nf6 5.Nc3 a6 6.Be3 e6 7.a4 Qc7 8.Be2 b6
9.f4 Bb7 10.Bf3 Be7 11.O-O O-O 12.Qe2 Nbd7 13.Rae1 Rfe8 14.Kh1 e5 15.Nf5 Bf8
16.Qf2 d5 17.Nxd5 Bxd5 18.exd5 e4 19.d6 Qc4 20.Be2 Qxc2 21.Ra1 Qb3 22.Rfd1 Qe6
23.g4 g6 24.Ne7+ Bxe7 25.f5 Qe5 26.dxe7 Rxe7 27.Bd4 e3 28.Qg2 Qb8 29.Bf3 Ra7
30.a5 Ne5 31.g5 Nfd7 32.f6 Re8 33.Bd5 Rc7 34.Bxe3 bxa5 35.Rxa5 Qb4 36.Rxa6 Ng4
37.Bg1 Nc5 38.Rc6 Ne6 39.Bxe6  1-0

[Event "3rd Chennai Open"]
[Site "Chennai IND"]
[Date "2011.01.22"]
[Round "7"]
[White "Ashwin,J"]
[Black "Adhiban,B"]
[Result "1/2-1/2"]
[WhiteElo "2427"]
[BlackElo "2530"]

1.e4 c5 2.Nf3 d6 3.d4 cxd4 4.Nxd4 Nf6 5.Nc3 a6 6.Be3 Ng4 7.Bc1 Nf6 8.Be3 Ng4
9.Bg5 h6 10.Bh4 g5 11.Bg3 Bg7 12.Be2 h5 13.Bxg4 hxg4 14.O-O Nc6 15.Nf5 Bxc3
16.bxc3 Qa5 17.Qxg4 f6 18.Qf3 Ne5 19.Bxe5 Qxe5 20.h3 Kf7 21.Rfd1 Be6 22.Rd4 Rac8
23.Rb1 b5 24.a4 bxa4 25.Rb7 Bxf5 26.exf5 a3 27.Re4 a2 28.Rxe5 a1=Q+ 29.Kh2 dxe5
30.Qd5+ Kf8 31.Rxe7 Kxe7 32.Qe6+  1/2-1/2

[Event "TCh-CZE 2010-11"]
[Site "Czech Rep CZE"]
[Date "2011.01.22"]
[Round "6.3"]
[White "Biolek,R2"]
[Black "Dydyshko,V"]
[Result "0-1"]
[WhiteElo "2433"]
[BlackElo "2547"]

1.e4 c5 2.Nf3 d6 3.d4 cxd4 4.Nxd4 Nf6 5.Nc3 a6 6.Be3 e6 7.g4 h6 8.f4 e5 9.Nf5 Nc6
10.Qf3 g6 11.O-O-O gxf5 12.exf5 Bd7 13.Bc4 Na5 14.Bd5 Be7 15.h4 Rc8 16.fxe5 dxe5
17.g5 Nxd5 18.Nxd5 Bc6 19.f6 Bxd5 20.Rxd5 Qc7 21.Qe4 Nc4 22.c3 Rd8 23.g6 Bxf6
24.Rc5 Nd6 25.Rxc7 Nxe4 26.gxf7+ Kf8  0-1

[Event "TCh-CZE 2010-11"]
[Site "Czech Rep CZE"]
[Date "2011.01.22"]
[Round "6.3"]
[White "Krejci,Jan2"]
[Black "Plat,V"]
[Result "1-0"]
[WhiteElo "2439"]
[BlackElo "2422"]

1.e4 c5 2.Nf3 d6 3.d4 cxd4 4.Nxd4 Nf6 5.Nc3 a6 6.Be3 e5 7.Nf3 Be7 8.Bc4 O-O
9.O-O Nbd7 10.a4 b6 11.Bg5 Bb7 12.Bxf6 Nxf6 13.Qe2 Qc7 14.Rfd1 Bc6 15.Nd5 Nxd5
16.Bxd5 Bxd5 17.Rxd5 Qc6 18.Ne1 f5 19.b3 fxe4 20.Rad1 Rf6 21.Qxe4 Raf8 22.f3 h5
23.c4 h4 24.h3 Rf4 25.Qe2 Qc8 26.Nd3 R4f5 27.Nf2 R8f6 28.Ne4 Rg6 29.Kh1 Qf8
30.Qd3 Kh8 31.a5 bxa5 32.Rxa5 Kh7 33.Rxa6 Rf4 34.Ra5 Qc8 35.Rd5 Qa8 36.Qc2 Qc8
37.Nxd6 Qf8 38.R5d3 Kh8 39.Ne4 Ra6 40.c5 Qa8 41.Rd7  1-0

[Event "71st ch-ARM"]
[Site "Yerevan ARM"]
[Date "2011.01.25"]
[Round "7"]
[White "Petrosian,DG"]
[Black "Kotanjian,T"]
[Result "1-0"]
[WhiteElo "2485"]
[BlackElo "2519"]

1.e4 c5 2.Nf3 d6 3.d4 cxd4 4.Nxd4 Nf6 5.Nc3 a6 6.Be3 e6 7.g4 e5 8.Nf5 g6
9.g5 gxf5 10.exf5 d5 11.Qf3 d4 12.O-O-O Qd7 13.Bd3 dxc3 14.gxf6 Nc6 15.Be4 Nd4
16.Bxd4 exd4 17.Rhe1 Kd8 18.Kb1 Kc7 19.bxc3 Ba3 20.Ka1 Qd6 21.Rxd4 Qxf6 22.Bxb7 Qb6
23.Rc4+ Kd8 24.Rb1 Bxb7 25.Qd3+ Qd6 26.Rd4 Kc7 27.Rxd6 Bxd6 28.Rxb7+ Kxb7
29.Qxd6 Rhf8 30.Qd7+ Kb6 31.Qd6+ Kb7 32.Qd7+ Kb6 33.a4 Rad8 34.a5+ Kxa5 35.Qc7+ Kb5
36.c4+ Kb4 37.Kb2 Rb8 38.c3+ Ka4+ 39.Kc2 a5 40.Qc6+ Ka3 41.Qc5+ Ka4 42.Qd5 Rfd8
43.Qh1  1-0

[Event "Belgrade Individual 2011"]
[Site "Belgrade SRB"]
[Date "2011.01.26"]
[Round "5.6"]
[White "Todorovic,GM"]
[Black "Vrbljanac,A"]
[Result "1-0"]
[WhiteElo "2471"]
[BlackElo "2298"]

1.e4 c5 2.Nf3 d6 3.d4 cxd4 4.Nxd4 Nf6 5.Nc3 a6 6.Be3 e5 7.Nb3 Be6 8.f3 Nbd7
9.Qd2 b5 10.g4 Nb6 11.g5 Nfd7 12.Nd5 Bxd5 13.exd5 Be7 14.Na5 O-O 15.Nc6 Qe8
16.O-O-O f5 17.h4 Bd8 18.Qb4 Bc7 19.Kb1 Qh5 20.Be2 Kh8 21.Rh2 Qf7 22.Qd2 Nc4
23.Bxc4 bxc4 24.h5 f4 25.Bf2 Qe8 26.Qb4 Rf5 27.Qb7 Qc8 28.Qxc8+ Rxc8 29.Ne7 Rcf8
30.Nxf5 Rxf5 31.Rg2 Bd8 32.b3 Bxg5 33.bxc4 Bd8 34.Rh2  1-0

[Event "3rd Chennai Open"]
[Site "Chennai IND"]
[Date "2011.01.26"]
[Round "11"]
[White "Debashis,D"]
[Black "Gomes,Mary"]
[Result "0-1"]
[WhiteElo "2406"]
[BlackElo "2306"]

1.e4 c5 2.Nf3 d6 3.d4 cxd4 4.Nxd4 Nf6 5.Nc3 a6 6.Be3 e5 7.Nb3 Be6 8.f3 Nbd7
9.Qd2 b5 10.g4 b4 11.Ne2 a5 12.g5 Nh5 13.Ng3 Nxg3 14.hxg3 a4 15.Nc1 Qa5 16.f4 g6
17.Nd3 d5 18.Bg2 d4 19.Bf2 Bd6 20.Bh3 Bxh3 21.Rxh3 Nc5 22.fxe5 Nxd3+ 23.cxd3 Bxe5
24.Rc1 O-O 25.Rc4 Rfc8 26.Rxb4 Rc2 27.Qxc2 Qxb4+ 28.Kd1 Rb8 29.Kc1 Qe7 30.Qd2 Qe6  0-1

[Event "Oceania Zonal"]
[Site "Rotorua NZL"]
[Date "2011.01.26"]
[Round "3.1"]
[White "Zhao Zong Yuan"]
[Black "Ly,Mo"]
[Result "1-0"]
[WhiteElo "2586"]
[BlackElo "2321"]

1.e4 c5 2.Nf3 d6 3.d4 cxd4 4.Nxd4 Nf6 5.Nc3 a6 6.Be3 e6 7.Qd2 Be7 8.f3 O-O
9.g4 Nc6 10.O-O-O Nxd4 11.Qxd4 b5 12.g5 Nd7 13.h4 Rb8 14.Kb1 Ne5 15.f4 Nc6
16.Qd2 b4 17.Ne2 a5 18.h5 a4 19.g6 b3 20.cxb3 axb3 21.a3 Qa5 22.Nc3 Bf6 23.gxf7+ Kxf7
24.Qxd6 Rd8 25.Qxc6 Qxc3 26.bxc3 Rxd1+ 27.Kb2 Bd7 28.Qc4 Be7 29.Qa6 Bc6 30.Qxc6  1-0

[Event "71st ch-ARM"]
[Site "Yerevan ARM"]
[Date "2011.01.28"]
[Round "10"]
[White "Petrosian,TL"]
[Black "Kotanjian,T"]
[Result "1/2-1/2"]
[WhiteElo "2604"]
[BlackElo "2519"]

1.e4 c5 2.Nf3 d6 3.d4 cxd4 4.Nxd4 Nf6 5.Nc3 a6 6.Be3 e6 7.a4 Qc7 8.Be2 b6
9.f4 Bb7 10.Bf3 Be7 11.O-O O-O 12.Qe2 Nbd7 13.Bf2 Rfc8 14.g4 e5 15.Nf5 Bf8
16.g5 Ne8 17.Qd2 b5 18.axb5 axb5 19.Rxa8 Bxa8 20.Ra1 exf4 21.Ra7 Qd8 22.Qxf4 Ne5
23.Bd1 Nc7 24.h4 b4 25.Na4 Ne6 26.Qe3 d5 27.Qb6 dxe4 28.Qxd8 Rxd8 29.Be2 Nc6
30.Ra6 g6 31.Nh6+ Bxh6 32.gxh6 Nc7 33.Bb6 Nxa6 34.Bxd8 Nxd8 35.Bxa6 Kf8 36.Bc4 f5
37.Kf2 Nf7 38.Bxf7 Kxf7 39.Nb6 Bc6 40.Ke3 Ke6 41.Kf4 Bb5 42.c4 Bc6 43.c5 Bb5
44.Nc8 Kd5 45.Ne7+ Kxc5 46.Nxg6 Kd4 47.Nf8 e3 48.Nxh7 e2 49.Ng5 Kd3 50.Nf3 Bc6
51.Ne1+ Kd2 52.h7 Kxe1 53.h8=Q Kf1 54.Qc8 e1=Q 55.Qxc6 Qxh4+ 56.Kxf5 Ke2
57.Qc2+ Ke3 58.Qc1+ Kd3 59.Qd1+ Kc4 60.Qc2+ Kb5 61.Qd3+ Kc5 62.Qc2+ Qc4 63.Qf2+ Kb5
64.Qd2 Ka4 65.Qd1+ b3 66.Qd7+ Ka5  1/2-1/2

[Event "TCh-CAT Div Hon"]
[Site "Barcelona ESP"]
[Date "2011.01.29"]
[Round "1"]
[White "Llaneza Vega,P"]
[Black "Cruz,Jon"]
[Result "0-1"]
[WhiteElo "2237"]
[BlackElo "2402"]

1.e4 c5 2.Nf3 d6 3.d4 cxd4 4.Nxd4 Nf6 5.Nc3 a6 6.Be3 e5 7.Nde2 Be6 8.f4 Nbd7
9.f5 Bc4 10.Nc1 Bxf1 11.Rxf1 Rc8 12.Qf3 b5 13.a3 a5 14.Nd3 d5 15.Nxd5 Nxd5
16.exd5 Rxc2 17.Rc1 Qh4+ 18.Qg3 Qc4 19.Rxc2 Qxc2 20.Bd2 Qc4 21.Qe3 Qxd5 22.Bxa5 Bd6
23.Bb4 O-O 24.Bxd6 Qxd6 25.Kf2 e4 26.Nf4 Nf6 27.h3 Qe5 28.Kg1 Qxb2 29.Ne2 Ra8
30.Rd1 h6 31.Nf4 Qe5 32.g4 Rc8 33.Ne2 Nh7 34.Qd4 Qe7 35.Qd7 Qc5+ 36.Kf1 Nf6
37.Qb7 Re8  0-1

[Event "TCh-CAT Div Hon"]
[Site "Barcelona ESP"]
[Date "2011.01.29"]
[Round "1"]
[White "Torrecillas Martinez,A"]
[Black "Cruz,Cr"]
[Result "1-0"]
[WhiteElo "2433"]
[BlackElo "2490"]

1.e4 c5 2.Nf3 d6 3.d4 cxd4 4.Nxd4 Nf6 5.Nc3 a6 6.Be3 e5 7.Nf3 Be7 8.Bc4 O-O
9.O-O Nc6 10.Qe2 b5 11.Bb3 Be6 12.Rfd1 Rc8 13.Bg5 Bg4 14.Qe3 Bxf3 15.Qxf3 Nd4
16.Qd3 Nd7 17.Bxe7 Qxe7 18.Nd5 Qh4 19.c3 Nc5 20.Qe3 Ncxb3 21.axb3 Nc2 22.Qg3 Qxg3
23.hxg3 Nxa1 24.Ne7+ Kh8 25.Nxc8 Nxb3 26.Nxd6 Kg8 27.Nf5 g6 28.Nh6+ Kg7 29.Ng4 Nc5
30.Nxe5 Nxe4 31.Rd7 Kf6 32.Ng4+ Ke6 33.Ra7 Rd8 34.Rxa6+ Ke7 35.Rb6 Rd1+ 36.Kh2 Nd6
37.f3 Rd2 38.b4 h5 39.Ne5 Rc2 40.Nc6+ Kd7 41.Nd4 Rb2 42.Nxb5 Nc4 43.Rb7+ Kc6
44.Rc7+  1-0

[Event "LCK Winter Cup 2011"]
[Site "Lviv UKR"]
[Date "2011.01.29"]
[Round "5.3"]
[White "Kovalsky,Vadim"]
[Black "Dykun,O"]
[Result "0-1"]
[WhiteElo "1994"]
[BlackElo "2068"]

1.e4 c5 2.Nf3 d6 3.d4 cxd4 4.Nxd4 Nf6 5.Nc3 a6 6.Be3 Ng4 7.Bg5 h6 8.Bh4 g5
9.Bg3 Bg7 10.Be2 h5 11.h4 Qa5 12.Qd2 gxh4 13.Bxh4 Bh6 14.f4 Qb4 15.Nb3 Be6
16.Bg3 Nd7 17.a3 Qb6 18.Nd4 Qxb2 19.Rb1 Qxa3 20.Nxe6 fxe6 21.Qd4 e5 22.fxe5 Be3
23.Qc4 Ndxe5 24.Bxe5 Bf2+ 25.Kf1 Ne3+ 26.Kxf2 Nxc4 27.Bxh8 Qc5+ 28.Ke1 O-O-O
29.Rxh5 Qg1+ 30.Bf1 Rf8 31.Rf5 Qe3+ 32.Ne2 Rxh8 33.Rb3 Qd2+ 34.Kf2 b5 35.Rc3 Qh6
36.Nf4 Kd7 37.Rh3 Qg7 38.Bxc4 bxc4 39.Ra3 Qd4+ 40.Kf3 Qd1+ 41.Ne2 Qxc2 42.Rxa6 Qd3+
43.Kf2 Qxe4 44.Rf4 Qb7 45.Ra4 Rg8 46.Rf3 Qb6+ 47.Kf1 Rh8 48.Ng3 Qb1+ 49.Kf2 Qc2+  0-1

[Event "71st ch-ARM"]
[Site "Yerevan ARM"]
[Date "2011.01.29"]
[Round "11"]
[White "Petrosian,DG"]
[Black "Andriasian,Z"]
[Result "1/2-1/2"]
[WhiteElo "2485"]
[BlackElo "2585"]

1.e4 c5 2.Nf3 d6 3.d4 cxd4 4.Nxd4 Nf6 5.Nc3 a6 6.Be3 e5 7.Nf3 Be7 8.Bc4 O-O
9.O-O Nc6 10.Bg5 Be6 11.Bb3 Nd7 12.Bxe7 Qxe7 13.Nd5 Qd8 14.Qe2 Nc5 15.Rad1 Kh8
16.h3 f5 17.Nc3 Nxb3 18.axb3 h6 19.Rfe1 Qe7 20.exf5 Bxf5 21.Nd5 Qf7 22.Ne3 Be4  1/2-1/2

[Event "TCh-HUN 2010-11"]
[Site "Budapest HUN"]
[Date "2011.01.30"]
[Round "5"]
[White "Varadi,V"]
[Black "Torok,S"]
[Result "1-0"]
[WhiteElo "2402"]
[BlackElo "2298"]

1.e4 c5 2.Nf3 d6 3.d4 cxd4 4.Nxd4 Nf6 5.Nc3 a6 6.Be3 e5 7.Nb3 Be6 8.Qd2 Nbd7
9.f3 Qc7 10.g4 Be7 11.g5 Nh5 12.Nd5 Bxd5 13.Qxd5 Nf4 14.Bxf4 exf4 15.O-O-O Ne5
16.Be2 g6 17.h4 Rc8 18.c3 b5 19.Kb1 Qb6 20.Qd2 h6 21.Qxf4 hxg5 22.hxg5 Rxh1
23.Rxh1 Qf2 24.Qd2 Qg3 25.f4 Nc4 26.Bxc4 Rxc4 27.Nd4 d5 28.exd5 b4 29.d6  1-0

[Event "33rd Bulgarian Open"]
[Site "Plovdiv BUL"]
[Date "2011.01.30"]
[Round "1.6"]
[White "Tsolakidou,Stavroula"]
[Black "Szabo,G ROM"]
[Result "0-1"]
[WhiteElo "1778"]
[BlackElo "2542"]

1.e4 c5 2.Nf3 d6 3.d4 cxd4 4.Nxd4 Nf6 5.Nc3 a6 6.Be3 e6 7.f3 b5 8.a3 Bb7
9.Qd2 Nbd7 10.O-O-O Rc8 11.Kb1 Nb6 12.g4 Nfd7 13.Bg5 Qc7 14.f4 Na4 15.Nde2 Ndb6
16.Qd3 Nc5 17.Qd4 e5 18.Qe3 Nxe4 19.Rg1 Nc4 20.Qd3 Nf2 21.Qf5 Ne3  0-1

[Event "24th MGU Open"]
[Site "Sofia BUL"]
[Date "2011.01.30"]
[Round "5.1"]
[White "Petrov,Vl5"]
[Black "Ruschukov,Boyan"]
[Result "0-1"]
[WhiteElo "1786"]
[BlackElo "1962"]

1.e4 c5 2.Nf3 d6 3.d4 cxd4 4.Nxd4 Nf6 5.Nc3 a6 6.Be3 e6 7.Be2 Be7 8.O-O Nc6
9.f4 Qc7 10.Kh1 O-O 11.Qe1 Bd7 12.Qg3 Kh8 13.Rad1 b5 14.a3 Nxd4 15.Bxd4 Bc6
16.e5 dxe5 17.Bxe5 Qb7 18.Bf3 Rfd8 19.Bxc6 Qxc6 20.Rfe1 a5 21.Rxd8+ Rxd8
22.Qg5 b4 23.axb4 axb4 24.Ne2 Qxc2 25.Ng3 Rd1 26.Rf1 Rxf1+ 27.Nxf1 Qf2 28.h3 Qxf1+
29.Kh2 Qf2 30.h4 h6  0-1

[Event "TCh-CAT Div Hon"]
[Site "Barcelona ESP"]
[Date "2011.02.05"]
[Round "2"]
[White "Rahal,M"]
[Black "Montilla Carrillo,E"]
[Result "1-0"]
[WhiteElo "2343"]
[BlackElo "2278"]

1.e4 c5 2.Nf3 d6 3.d4 cxd4 4.Nxd4 Nf6 5.Nc3 a6 6.Be3 e5 7.Nf3 Be7 8.Bc4 O-O
9.O-O Bg4 10.h3 Bh5 11.Bg5 Nbd7 12.Bxf6 Nxf6 13.Qd3 Rc8 14.Nd2 b5 15.Bb3 Qc7
16.a3 h6 17.Rfe1 Qc5 18.Nf1 Bd8 19.g4 Bg6 20.Re2 Bb6 21.Rd1 Rfd8 22.Ne3 Rd7
23.Ned5 Nxd5 24.Nxd5 Bd8 25.a4 Rb8 26.axb5 axb5 27.Ra1 Bh4 28.Ne3 Kh7 29.Bd5 Ra7
30.Ree1 Ra4 31.c3 Bg5 32.Ng2 h5 33.h4 Be7 34.Qf3 hxg4 35.Qxg4 f5 36.Qh3 fxe4
37.Ne3 Rf8 38.h5 Be8 39.Rxa4 bxa4 40.Bxe4+ Kh8 41.h6 g6 42.Qe6 Bh4 43.Kg2 Qa7
44.Qxd6 Rxf2+ 45.Kh3 Bf6 46.Qf8+ Kh7 47.Qxe8  1-0

[Event "Schachbundesliga 2010-11"]
[Site "Remagen GER"]
[Date "2011.02.06"]
[Round "9"]
[White "Dgebuadze,A"]
[Black "Tazbir,M"]
[Result "1/2-1/2"]
[WhiteElo "2524"]
[BlackElo "2523"]

1.e4 c5 2.Nf3 d6 3.d4 cxd4 4.Nxd4 Nf6 5.Nc3 a6 6.Be3 e5 7.Nf3 Qc7 8.a4 Be7
9.Be2 O-O 10.O-O Be6 11.a5 Rc8 12.Ng5 Bc4 13.Bxc4 Qxc4 14.Ra4 Qc6 15.Qa1 Qe8
16.Nf3 Nbd7 17.Nd2 Bf8 18.h3 Qe6 19.Rd1 d5 20.exd5 Nxd5 21.Nxd5 Qxd5 22.Ne4 Qe6
23.c3 Rd8 24.Qa2 Qxa2 25.Rxa2 Be7 26.Raa1 f5 27.Bg5 Bxg5 28.Nxg5 Nf8 29.g4 g6
30.Nf3 e4 31.Nd4 Rd5 32.c4 Rc5 33.gxf5 gxf5 34.b4 Rxc4 35.Nxf5 Rxb4 36.Rdb1 Rxb1+
37.Rxb1 Rb8 38.Nd6 Nd7 39.Nxe4 b6 40.Rd1 Nf8 41.Rd6 bxa5 42.Rxa6 Rb5 43.Ra7 Rf5
44.Nd6 Rg5+ 45.Kh2 Ng6 46.Ne4 Rf5 47.Kg3 h5 48.f3 Kf8 49.h4 Ne7 50.Ng5 Re5
51.Kf2 Rb5 52.Ne6+ Kf7 53.Nd4 Rc5 54.Nb3 Rc2+ 55.Kg3 Kf6 56.Rxa5 Rc3 57.Nd2 Kg6
58.Ne4 Rc6 59.Rg5+ Kh6 60.Re5 Ng6 61.Ra5 Rb6 62.Ng5 Rb4 63.Ra6 Rb7 64.Ne6 Kh7
65.Ra5 Kh6 66.Nd4 Rd7 67.Nf5+ Kh7 68.Ne3 Kh6 69.Rc5 Ra7 70.Nf5+ Kh7 71.Nd4 Kh6
72.Rg5 Ne7 73.Re5 Kg6 74.Kf4 Ra4 75.Re6+ Kf7 76.Re4 Kf6 77.Re6+ Kf7 78.Rd6 Ng6+
79.Kg3 Ne7 80.Kh3 Ng6 81.Kg3 Ne7 82.Kf2 Ng6 83.Rd7+ Ke8 84.Rd5 Nxh4 85.Ne2 Ra3
86.Ng1 Ra2+ 87.Kg3 Rg2+ 88.Kxh4 Rxg1 89.Kxh5 Kf7 90.Rf5+ Ke6 91.Rg5 Rf1 92.Kg4 Kf6
93.Ra5 Rb1 94.Ra6+ Kf7 95.Ra7+ Kf6 96.Ra6+ Kf7 97.Ra5 Kf6 98.Ra4 Rb3 99.Rf4+ Kg6
100.Rf8 Kg7 101.Ra8 Kf6 102.f4 Rb5 103.Ra6+ Kf7 104.Ra4 Kg6 105.Ra6+ Kf7
106.Rc6 Ra5 107.Rd6 Rc5 108.Ra6 Rb5 109.f5 Rb1  1/2-1/2

[Event "IV Open A"]
[Site "Gora Swietej Anny POL"]
[Date "2011.02.12"]
[Round "1.14"]
[White "Parol,Pola"]
[Black "Szewczyk,G"]
[Result "0-1"]
[WhiteElo "1559"]
[BlackElo "2014"]

1.e4 c5 2.Nf3 d6 3.d4 cxd4 4.Nxd4 Nf6 5.Nc3 a6 6.Be3 e5 7.Nb3 Be7 8.Be2 Be6
9.O-O O-O 10.Bf3 Nbd7 11.Nd5 Nxd5 12.exd5 Bf5 13.Qd2 b6 14.c4 Bg6 15.Be2 a5
16.Nc1 e4 17.Nb3 Bf6 18.Nd4 Bxd4 19.Bxd4 a4 20.Qc3 f6 21.Bg4 Nc5 22.Bxc5 bxc5
23.Be6+ Bf7 24.Bxf7+ Rxf7 25.Rfe1 Re7 26.Re2 f5 27.Qh3 g6 28.Qc3 Kf7 29.Rae1 Qh8
30.Qxh8 Rxh8 31.Re3 Rb8 32.R3e2 Kf6 33.g3 g5 34.Rc2 h5 35.Kf1 f4 36.Ree2 Kf5
37.Rc3 Reb7 38.Rcc2 Ke5 39.Ke1 h4 40.Kf1 hxg3 41.hxg3 f3 42.Red2 Rh7  0-1

[Event "ch-TUR"]
[Site "Kemer-Antalya TUR"]
[Date "2011.02.12"]
[Round "9"]
[White "Ozalp,B"]
[Black "Buyukasik,D"]
[Result "1-0"]
[WhiteElo "1851"]
[BlackElo "2035"]

1.e4 c5 2.Nf3 d6 3.d4 cxd4 4.Nxd4 Nf6 5.Nc3 a6 6.Be3 e6 7.f3 b5 8.g4 Bb7
9.Qd2 Nfd7 10.h4 Ne5 11.b3 Be7 12.g5 h6 13.Bh3 hxg5 14.hxg5 Nbc6 15.Nce2 Qc7
16.O-O-O Nxd4 17.Nxd4 O-O-O 18.f4 Nd7 19.Bxe6 fxe6 20.Nxe6 Qc6 21.Nxd8 Rxd8
22.Rh7 Bf8 23.Re1 Re8 24.Bd4 Nc5 25.Bxg7 Nxe4 26.Qd4 d5 27.Bxf8 Rxf8 28.Reh1 Qd6
29.Qg7 Qxf4+ 30.Kb2 Bc6 31.Rh8 Re8 32.R1h7 Nc5 33.Rxe8+ Bxe8 34.Qc3 Qd6 35.b4  1-0

[Event "TCh-NED"]
[Site "Netherlands NED"]
[Date "2011.02.12"]
[Round "6.7"]
[White "Meurs,T"]
[Black "Spoelman,W"]
[Result "0-1"]
[WhiteElo "2168"]
[BlackElo "2538"]

1.e4 c5 2.Nf3 d6 3.d4 cxd4 4.Nxd4 Nf6 5.Nc3 a6 6.Be3 e5 7.Nf3 Be7 8.Bc4 O-O
9.O-O Nc6 10.Qe2 Na5 11.Bd5 Bd7 12.a4 Rc8 13.Rfd1 h6 14.Ne1 Re8 15.Nd3 Rxc3
16.bxc3 Nxd5 17.exd5 Nc4 18.Rdb1 Qc7 19.Nb2 Nxe3 20.Qxe3 Bg5 21.Qe2 e4 22.Qc4 Qa5
23.Nd1 Bc8 24.Ne3 Bf4 25.Re1 Be5 26.Ra3 Qd8 27.Nf1 f5 28.Rb3 Re7 29.Qb4 Rc7
30.c4 Rc5 31.f3 a5 32.Qd2 exf3 33.Rxf3 Rxc4 34.Ne3 Rd4 35.Qf2 f4 36.Nf1 Rxa4
37.Kh1 Rc4 38.Rb3 a4 39.Rd3 Bf5 40.Rd2 a3  0-1

[Event "16th Lienz-Open 2011"]
[Site "Lienz AUT"]
[Date "2011.02.13"]
[Round "3"]
[White "Krejci,Jan1"]
[Black "Wertjanz,Dav"]
[Result "1-0"]
[WhiteElo "2178"]
[BlackElo "2201"]

1.e4 c5 2.Nf3 d6 3.d4 cxd4 4.Nxd4 Nf6 5.Nc3 a6 6.Be3 e6 7.Be2 b5 8.Bf3 e5
9.Nf5 d5 10.Bg5 d4 11.Bxf6 Qxf6 12.Nd5 Qd8 13.c3 dxc3 14.Rc1 Ra7 15.Rxc3 Bxf5
16.exf5 Be7 17.O-O O-O 18.Be4 Bf6 19.Qg4 Rd7 20.Rd1 h6 21.b4 Rd6 22.h3 Kh8
23.Qf3 Nd7 24.Rdc1 Nb6 25.Nxb6 Qxb6 26.Rc6 Qd4 27.Rxd6 Qxd6 28.a3 Rd8 29.Rc6 Qd2
30.Kh2 Qe1 31.Rxa6 Rd2 32.Ra8+ Kh7 33.Rf8 Rxf2 34.Qg4 Bg5 35.f6+ g6 36.Rxf7+ Kg8
37.Rg7+  1-0

[Event "ch-ROU Women"]
[Site "Sarata Monteoru ROU"]
[Date "2011.02.13"]
[Round "2.4"]
[White "Uta,Ad"]
[Black "Paulet,I"]
[Result "0-1"]
[WhiteElo "2096"]
[BlackElo "2264"]

1.e4 c5 2.Nf3 d6 3.d4 cxd4 4.Nxd4 Nf6 5.Nc3 a6 6.Be3 e5 7.Nb3 Be6 8.f3 h5
9.Nd5 Bxd5 10.exd5 Nbd7 11.Qd2 Qc7 12.c4 a5 13.a4 b6 14.Be2 g6 15.O-O Bg7
16.f4 Ng4 17.Bxg4 hxg4 18.Qe2 f5 19.Nd4 exd4 20.Bxd4+ Ne5 21.fxe5 O-O 22.Rad1 dxe5
23.Bf2 Rad8 24.Qc2 e4 25.Qb3 Be5 26.d6 Qf7 27.Bxb6 Rxd6 28.Qb5 Re6 29.Rd7 Qf6
30.Qd5 Kh8 31.Bd8 Rxd8 32.Rxd8+ Kg7 33.Rd7+ Kh6 34.Qxa5 Bxh2+ 35.Kxh2 Qh4+
36.Kg1 g3 37.Re1 e3 38.Qd5 Qh2+ 39.Kf1 e2+  0-1

[Event "G-TEAM Open"]
[Site "Novy Bor CZE"]
[Date "2011.02.14"]
[Round "3"]
[White "Khamidov,K"]
[Black "Dmochowska,A"]
[Result "1-0"]
[WhiteElo "1980"]
[BlackElo "1703"]

1.e4 c5 2.Nf3 d6 3.d4 cxd4 4.Nxd4 Nf6 5.Nc3 a6 6.Be3 e5 7.Nb3 Be7 8.f3 O-O
9.Qd2 Be6 10.O-O-O a5 11.a4 Nc6 12.g4 Nb4 13.g5 Nh5 14.Kb1 Qd7 15.Nc5 Qc6
16.Nxe6 fxe6 17.Bh3 Nf4 18.Bxf4 Rxf4 19.Bxe6+ Kh8 20.Qg2 Raf8 21.Rhf1 Rb8
22.Bb3 Qe8 23.Nb5 Qg6 24.Nc7 Rff8 25.h4 Qh5 26.Ne6 Rfc8 27.f4 exf4 28.Nxf4 Qe8
29.h5 Rc5 30.Ng6+  1-0

[Event "16th Lienz-Open 2011"]
[Site "Lienz AUT"]
[Date "2011.02.15"]
[Round "5"]
[White "Krejci,Jan1"]
[Black "Lechner,Daniel"]
[Result "1-0"]
[WhiteElo "2178"]
[BlackElo "2159"]

1.e4 c5 2.Nf3 d6 3.d4 cxd4 4.Nxd4 Nf6 5.Nc3 a6 6.Be3 e5 7.Nf3 Be7 8.Bc4 O-O
9.O-O Be6 10.Bb3 Nc6 11.Qe2 Rc8 12.Rfd1 Qc7 13.Bg5 Na5 14.Bxf6 Bxf6 15.Ne1 Be7
16.Nd5 Bxd5 17.Bxd5 Kh8 18.c3 Nc4 19.Bxc4 Qxc4 20.Qxc4 Rxc4 21.f3 f5 22.exf5 Rxf5
23.Nc2 Rf7 24.Ne3 Rc6 25.Rd3 Bd8 26.Nd5 Rd7 27.Rad1 Ba5 28.Kf1 Kg8 29.Ne3 Kf7
30.Ng4 Ke6 31.Rd5 Rc5 32.Rxc5 dxc5 33.Rxd7 Kxd7 34.Nxe5+ Ke6 35.Nd3 Kd5 36.Ke2 Bc7
37.g3 c4 38.Nb4+ Ke5 39.Nc2 b5 40.a4  1-0

[Event "Rector Cup 2011"]
[Site "Kharkov UKR"]
[Date "2011.02.16"]
[Round "3"]
[White "Kovchan,A"]
[Black "Onischuk,V"]
[Result "1/2-1/2"]
[WhiteElo "2561"]
[BlackElo "2505"]

1.e4 c5 2.Nf3 d6 3.d4 cxd4 4.Nxd4 Nf6 5.Nc3 a6 6.Be3 e5 7.Nb3 Be6 8.Qd2 Nbd7
9.f4 Rc8 10.O-O-O b5 11.Kb1 Be7 12.Bd3 Qc7 13.Rhe1 O-O 14.h3 Nb6 15.Bxb6 Qxb6
16.Nd5 Qd8 17.Nxf6+ Bxf6 18.f5 Bxb3 19.axb3 Qb6 20.Be2 Rfd8 21.Qd3  1/2-1/2

[Event "Rector Cup 2011"]
[Site "Kharkov UKR"]
[Date "2011.02.16"]
[Round "3"]
[White "Petr,Ma"]
[Black "Yilmaz,M"]
[Result "1/2-1/2"]
[WhiteElo "2484"]
[BlackElo "2477"]

1.e4 c5 2.Nf3 d6 3.d4 cxd4 4.Nxd4 Nf6 5.Nc3 a6 6.Be3 e5 7.Nb3 Be7 8.f3 Be6
9.Qd2 O-O 10.O-O-O a5 11.a4 Nc6 12.g4 Nb4 13.Kb1 Rc8 14.g5 Nd7 15.h4 Nb6
16.Bb5 Nc4 17.Qe1 Qc7 18.Rh2 Rfd8 19.f4 d5 20.exd5 Bg4 21.Rc1 Nxe3 22.Qxe3 exf4
23.Qe4 Bh5 24.Nd4 Bd6 25.Nf5 Bc5 26.Rd2 Bg6 27.Re1 Bxf5 28.Qxf5 Be3 29.Rdd1 Qc5
30.Qe4 Qd6 31.h5 Rc7 32.Bd3 Nxd3 33.Qxd3 Qe5 34.d6 Rcd7 35.Qe4 Qxe4 36.Nxe4 Kf8
37.Rd5 Re8 38.Nd2 Rc8 39.Nf3 Rc5 40.Red1 Rxd5 41.Rxd5 f6 42.g6 hxg6 43.hxg6 b6
44.Nh4 Bc5 45.Nf5 f3 46.Rd3 f2 47.Rf3 Bxd6 48.Rxf2 Bc5 49.Rh2 Rd1+ 50.Ka2 Kg8
51.Re2 Kf8 52.Rh2 Kg8 53.Re2  1/2-1/2

[Event "G-TEAM Open"]
[Site "Novy Bor CZE"]
[Date "2011.02.17"]
[Round "7"]
[White "Cukrowski,F"]
[Black "Navratil,Ji1"]
[Result "0-1"]
[WhiteElo "2023"]
[BlackElo "2120"]

1.e4 c5 2.Nf3 d6 3.d4 cxd4 4.Nxd4 Nf6 5.Nc3 a6 6.Be3 e6 7.f3 b5 8.Qd2 Bb7
9.g4 Nc6 10.O-O-O Qc7 11.Kb1 Rc8 12.Nxc6 Bxc6 13.Bd3 d5 14.g5 dxe4 15.fxe4 Nd7
16.Rhf1 Bc5 17.Bf4 Bd6 18.Bxd6 Qxd6 19.Qf2 Qe7 20.Rde1 O-O 21.Qg3 Nc5 22.Re3 Nxd3
23.cxd3 b4 24.Ne2 Bb5 25.Nf4 Rc5 26.e5 Rfc8 27.Ree1 Qc7 28.Qe3 Rc2 29.Rc1 a5
30.Ne2 a4 31.Ka1 a3 32.b3 Bxd3 33.Rxc2 Qxc2 34.Qc1 Bxe2 35.Qxc2 Rxc2 36.Re1 Bg4
37.Kb1 Bf5 38.Rc1 Rc3+  0-1

[Event "G-TEAM Open"]
[Site "Novy Bor CZE"]
[Date "2011.02.18"]
[Round "8"]
[White "Iwanow,A"]
[Black "Navratil,Ji3"]
[Result "1-0"]
[WhiteElo "2097"]
[BlackElo "1996"]

1.e4 c5 2.Nf3 d6 3.d4 cxd4 4.Nxd4 Nf6 5.Nc3 a6 6.Be3 Ng4 7.Bg5 h6 8.Bh4 g5
9.Bg3 Bg7 10.Be2 h5 11.Bxg4 Bxg4 12.f3 Bd7 13.Qd2 Nc6 14.Bf2 Ne5 15.O-O g4
16.f4 Ng6 17.Nf5 Bf6 18.Nd5 Bxb2 19.Rab1 Ba3 20.Qc3 Bc5 21.Bxc5 dxc5 22.Nfxe7 Rf8
23.Qxc5  1-0

[Event "ch-POL"]
[Site "Warsaw POL"]
[Date "2011.02.18"]
[Round "7"]
[White "Jaracz,P"]
[Black "Kempinski,R"]
[Result "1/2-1/2"]
[WhiteElo "2543"]
[BlackElo "2600"]

1.e4 c5 2.Nf3 d6 3.d4 cxd4 4.Nxd4 Nf6 5.Nc3 a6 6.Be3 e5 7.Nb3 Be7 8.Qd2 O-O
9.O-O-O a5 10.a4 Nc6 11.f3 Nb4 12.g4 Bd7 13.h4 Rc8 14.h5 b5 15.g5 Ne8 16.Nc5 Rxc5
17.Bxc5 Bxg5 18.Be3 Bxe3 19.Qxe3 bxa4 20.Rg1 Qc7 21.Rd2 f5 22.Nb5 f4 23.Nxc7 fxe3
24.Rdg2 Bh3 25.Bc4+ d5 26.exd5 Bxg2 27.d6+ Kh8 28.Nxe8 Rxe8 29.Rxg2 Rd8 30.Re2 Rxd6  1/2-1/2

[Event "TCh-CAT Div Hon"]
[Site "Barcelona ESP"]
[Date "2011.02.19"]
[Round "4.9"]
[White "Heredia Tarrats,A"]
[Black "Tallo Dominguez,I"]
[Result "1-0"]
[WhiteElo "2145"]
[BlackElo "2204"]

1.e4 c5 2.Nf3 d6 3.d4 cxd4 4.Nxd4 Nf6 5.Nc3 a6 6.Be3 e6 7.g4 b5 8.g5 Nfd7
9.a3 Nb6 10.h4 Nc4 11.Bxc4 bxc4 12.Qe2 Qc7 13.f4 Nd7 14.O-O-O Rb8 15.h5 Qb7
16.Qxc4 Nc5 17.b4 Nxe4 18.Nc6 Nxc3 19.Qxc3 Ra8 20.Na5 Qe4 21.Rhe1 Bd7 22.Rd4 Qf3
23.Rc4 h6 24.g6 f6 25.Rc7 Be7 26.Qc4 Bd8 27.Nb7 Bxc7 28.Qxc7 Qc6 29.Nxd6+ Kf8
30.Qxc6 Bxc6 31.Bc5 Ke7 32.Nf7+ Kd7 33.Rd1+ Kc7 34.Nxh8 Rxh8 35.Rd6 Re8 36.Kd2 e5
37.f5 e4 38.Ke3 Re5 39.Re6 Rxe6 40.fxe6 Bd5 41.Bf8 Bxe6 42.Bxg7 Bg4 43.Bxh6 Bxh5
44.g7 Bf7 45.Kxe4 Be6 46.Be3 Kd7 47.Bc5 Ke8 48.Bd4 Ke7 49.Kd3 Bg8 50.Bc5+ Kf7
51.Bf8 Bh7+ 52.Kd2 Be4 53.c4 Bc6 54.Ke3 f5 55.Kf4 Be4 56.a4 Bd3 57.c5 Bc2
58.b5 Bd3 59.c6  1-0

[Event "TCh-CAT Div Hon"]
[Site "Barcelona ESP"]
[Date "2011.02.19"]
[Round "4.3"]
[White "Torrecillas Martinez,A"]
[Black "Lopez Martinez,Josep"]
[Result "1/2-1/2"]
[WhiteElo "2433"]
[BlackElo "2528"]

1.e4 c5 2.Nf3 d6 3.d4 cxd4 4.Nxd4 Nf6 5.Nc3 a6 6.Be3 e6 7.g4 h6 8.f3 b5 9.Qd2 Nbd7
10.O-O-O Ne5 11.a3 Qc7 12.h4 Rb8 13.Rg1 Nfd7 14.f4 Nc4 15.Bxc4 bxc4 16.Qe2 Qb7
17.Qxc4 Nc5 18.b4 Nxe4 19.Nxe4 Qxe4 20.Rge1 Be7 21.Qc6+  1/2-1/2